<?xml version="1.0" encoding="UTF-8"?>
<marc:record xmlns:marc="http://www.loc.gov/MARC21/slim" type="Bibliographic">
   <marc:leader>00000ncm a2200000 cc4500</marc:leader>
   <marc:controlfield tag="001">1112472592</marc:controlfield>
   <marc:controlfield tag="003">DE-101</marc:controlfield>
   <marc:controlfield tag="005">20190510114934.0</marc:controlfield>
   <marc:controlfield tag="007">q|</marc:controlfield>
   <marc:controlfield tag="008">160829s2015    gw |||||r|||||||||||ger  </marc:controlfield>
   <marc:datafield ind1=" " ind2=" " tag="015">
      <marc:subfield code="a">19,M05</marc:subfield>
      <marc:subfield code="2">dnb</marc:subfield>
   </marc:datafield>
   <marc:datafield ind1="7" ind2=" " tag="016">
      <marc:subfield code="2">DE-101</marc:subfield>
      <marc:subfield code="a">1112472592</marc:subfield>
   </marc:datafield>
   <marc:datafield ind1=" " ind2=" " tag="020">
      <marc:subfield code="a">9783931754709</marc:subfield>
      <marc:subfield code="c">Broschur</marc:subfield>
      <marc:subfield code="9">978-3-931754-70-9</marc:subfield>
   </marc:datafield>
   <marc:datafield ind1=" " ind2=" " tag="035">
      <marc:subfield code="a">(DE-599)DNB1112472592</marc:subfield>
   </marc:datafield>
   <marc:datafield ind1=" " ind2=" " tag="035">
      <marc:subfield code="a">(OCoLC)1004314750</marc:subfield>
   </marc:datafield>
   <marc:datafield ind1=" " ind2=" " tag="040">
      <marc:subfield code="a">1330</marc:subfield>
      <marc:subfield code="b">ger</marc:subfield>
      <marc:subfield code="c">DE-101</marc:subfield>
      <marc:subfield code="d">1340</marc:subfield>
      <marc:subfield code="e">rda</marc:subfield>
   </marc:datafield>
   <marc:datafield ind1=" " ind2=" " tag="041">
      <marc:subfield code="a">ger</marc:subfield>
   </marc:datafield>
   <marc:datafield ind1=" " ind2=" " tag="044">
      <marc:subfield code="c">XA-DE</marc:subfield>
   </marc:datafield>
   <marc:datafield ind1="7" ind2="4" tag="082">
      <marc:subfield code="a">785.15</marc:subfield>
      <marc:subfield code="q">DE-101</marc:subfield>
      <marc:subfield code="2">23sdnb</marc:subfield>
   </marc:datafield>
   <marc:datafield ind1=" " ind2=" " tag="090">
      <marc:subfield code="a">b</marc:subfield>
   </marc:datafield>
   <marc:datafield ind1="0" ind2="0" tag="245">
      <marc:subfield code="a">Alte Schätze - neu entdeckt</marc:subfield>
      <marc:subfield code="n">Album #1</marc:subfield>
      <marc:subfield code="c">Arbeitsgemeinschaft Fränkische Volksmusik Bezirk Mitteldfranken und Bayerischer Landesverein für Heimatpflege e.V, Beratungsstelle für Volksmusik in Franken (Arbeitsstelle Eibelstadt)</marc:subfield>
   </marc:datafield>
   <marc:datafield ind1="3" ind2="1" tag="264">
      <marc:subfield code="a">Zirndorf</marc:subfield>
      <marc:subfield code="b">Arbeitsgemeinschaft Fränkische Volksmusik Bezirk Mitteldfranken</marc:subfield>
      <marc:subfield code="c">2015</marc:subfield>
   </marc:datafield>
   <marc:datafield ind1=" " ind2=" " tag="300">
      <marc:subfield code="a">1 Partitur (27 Seiten), 11 Stimmen</marc:subfield>
      <marc:subfield code="c">30 cm</marc:subfield>
   </marc:datafield>
   <marc:datafield ind1=" " ind2=" " tag="336">
      <marc:subfield code="a">Noten</marc:subfield>
      <marc:subfield code="b">ntm</marc:subfield>
      <marc:subfield code="2">rdacontent</marc:subfield>
   </marc:datafield>
   <marc:datafield ind1=" " ind2=" " tag="337">
      <marc:subfield code="a">ohne Hilfsmittel zu benutzen</marc:subfield>
      <marc:subfield code="b">n</marc:subfield>
      <marc:subfield code="2">rdamedia</marc:subfield>
   </marc:datafield>
   <marc:datafield ind1=" " ind2=" " tag="338">
      <marc:subfield code="a">Band</marc:subfield>
      <marc:subfield code="b">nc</marc:subfield>
      <marc:subfield code="2">rdacarrier</marc:subfield>
   </marc:datafield>
   <marc:datafield ind1=" " ind2=" " tag="338">
      <marc:subfield code="a">Blatt</marc:subfield>
      <marc:subfield code="b">nb</marc:subfield>
      <marc:subfield code="2">rdacarrier</marc:subfield>
   </marc:datafield>
   <marc:datafield ind1=" " ind2=" " tag="348">
      <marc:subfield code="0">(DE-588)4173447-6</marc:subfield>
      <marc:subfield code="0">https://d-nb.info/gnd/4173447-6</marc:subfield>
      <marc:subfield code="0">(DE-101)041734475</marc:subfield>
      <marc:subfield code="a">Partitur</marc:subfield>
      <marc:subfield code="2">gnd-music</marc:subfield>
   </marc:datafield>
   <marc:datafield ind1=" " ind2=" " tag="348">
      <marc:subfield code="0">(DE-588)1071380443</marc:subfield>
      <marc:subfield code="0">https://d-nb.info/gnd/1071380443</marc:subfield>
      <marc:subfield code="0">(DE-101)1071380443</marc:subfield>
      <marc:subfield code="a">Stimme, Musikalische Ausgabeform</marc:subfield>
      <marc:subfield code="2">gnd-music</marc:subfield>
   </marc:datafield>
   <marc:datafield ind1="1" ind2=" " tag="490">
      <marc:subfield code="a">Lied, Musik und Tanz in Bayern</marc:subfield>
      <marc:subfield code="v">Nr. A 83</marc:subfield>
   </marc:datafield>
   <marc:datafield ind1="0" ind2="8" tag="773">
      <marc:subfield code="q">al11</marc:subfield>
      <marc:subfield code="w">(DE-101)1184931569</marc:subfield>
   </marc:datafield>
   <marc:datafield ind1=" " ind2="0" tag="830">
      <marc:subfield code="a">Lied, Musik und Tanz in Bayern</marc:subfield>
      <marc:subfield code="v">Nr. A 83</marc:subfield>
      <marc:subfield code="w">(DE-101)987894234</marc:subfield>
      <marc:subfield code="w">(DE-600)2415451-9</marc:subfield>
      <marc:subfield code="9">283</marc:subfield>
      <marc:subfield code="7">as</marc:subfield>
   </marc:datafield>
   <marc:datafield ind1=" " ind2=" " tag="850">
      <marc:subfield code="a">DE-101b</marc:subfield>
      <marc:subfield code="a">DE-101c</marc:subfield>
   </marc:datafield>
   <marc:datafield ind1="4" ind2="2" tag="856">
      <marc:subfield code="m">B:DE-101</marc:subfield>
      <marc:subfield code="q">application/pdf</marc:subfield>
      <marc:subfield code="u">https://d-nb.info/1112472592/04</marc:subfield>
      <marc:subfield code="3">Inhaltsverzeichnis</marc:subfield>
   </marc:datafield>
   <marc:datafield ind1="r" ind2=" " tag="925">
      <marc:subfield code="a">rm</marc:subfield>
   </marc:datafield>
</marc:record>
